Bank of Zambia annual report 2018 (Record no. 86733)

MARC details
000 -LEADER
fixed length control field 00773 a2200241 4500
003 - CONTROL NUMBER IDENTIFIER
control field CBULib
005 - DATE AND TIME OF LATEST TRANSACTION
control field 20260629111832.0
008 - FIXED-LENGTH DATA ELEMENTS--GENERAL INFORMATION
fixed length control field 260629b |||||||| |||| 00| 0 eng d
040 ## - CATALOGING SOURCE
Original cataloging agency CBULib
Language of cataloging English
Transcribing agency CBULib
Modifying agency CBULib
Description conventions rda
050 ## - LIBRARY OF CONGRESS CALL NUMBER
Classification number BOZ(O58)AR/2018
100 ## - MAIN ENTRY--PERSONAL NAME
Personal name Bank of Zambia
110 ## - MAIN ENTRY--CORPORATE NAME
9 (RLIN) 5574
Corporate name or jurisdiction name as entry element Bank of Zambia(BOZ)
245 ## - TITLE STATEMENT
Title Bank of Zambia annual report 2018
Statement of responsibility, etc / by Bank of Zambia
260 ## - PUBLICATION, DISTRIBUTION, ETC. (IMPRINT)
Date of publication, distribution, etc 2018.
Place of publication, distribution, etc Lusaka;
Name of publisher, distributor, etc Bank of Zambia
300 ## - PHYSICAL DESCRIPTION
Extent xvi,132 pages : illustrations
336 ## - CONTENT TYPE
Source rdacontent
Content type term Text |
Content type code txt
337 ## - MEDIA TYPE
Source rdamedia
Media type term Unmediated |
Media type code n
338 ## - CARRIER TYPE
Source rdacarrier
Carrier type term Volume
Carrier type code nc
610 #0 - SUBJECT ADDED ENTRY--CORPORATE NAME
9 (RLIN) 5574
Corporate name or jurisdiction name as entry element Bank of Zambia(BOZ)
650 #0 - SUBJECT ADDED ENTRY--TOPICAL TERM
9 (RLIN) 3736
Topical term or geographic name as entry element MONETARY POLICY
650 #0 - SUBJECT ADDED ENTRY--TOPICAL TERM
9 (RLIN) 5679
Topical term or geographic name as entry element GLOBAL AND DOMESTIC MACROECONOMICS DEVELOPMENT
942 ## - ADDED ENTRY ELEMENTS (KOHA)
Source of classification or shelving scheme
Koha item type SPECIAL COLLECTION
Holdings
Withdrawn status Lost status Source of classification or shelving scheme Damaged status Not for loan Collection code Permanent Location Current Location Shelving location Date acquired Source of acquisition Full call number Barcode Date last seen Price effective from Koha item type
          Special Collections CBU-MAIN LIBRARY, KITWE. CBU-MAIN LIBRARY, KITWE. Special Collections 06/29/2026 DEP-CBU/O6/2026 BOZ(058)AR/2018 153675 06/29/2026 06/29/2026 SPECIAL COLLECTION